Extremely Hard General Knowledge #58 - Statistics

General Stats
  • This quiz has been taken 254 times
  • The average score is 3 of 20
Answer Stats
Hint Answer % Correct
What name given to leather that has not yet been tanned or treated, was also a Western TV show starring Clint Eastwood? Rawhide
50%
A skyscraper is widely accepted to be any building taller than what height? {150} metres
48%
The husband of Queen Victoria, Prince Albert of Saxe-Coburg and Gotha, died in December of which year? 1861
34%
Which South African golfer won 9 Men's Major Championships dating from 1959 to 1978? Gary Player
27%
Which province of South Africa contains the country's largest city, Johannesburg? Gauteng
25%
What was the name of the 1st Duke of Wellington, best known for defeating Napoleon in 1815? Arthur Wellesley
23%
Which Swede served as UN Secretary-General from 1953 until his death in a plane crash in 1961? Dag Hammarskjöld
21%
Malawi and Zambia both use which currency unit? Kwacha
19%
Which singer was Carrie Fisher married to from 1983-1984? Paul Simon
18%
Named after a Japanese doctor and commonly affecting young children, what is the name of the condition of inflammation of the blood vessels? {Kawasaki} disease
16%
What is the name of the racecourse in Australia where the prestigious Melbourne Cup is held? Flemington
10%
What was the name of the chemist who invented Coca-Cola in the late 19th century? John Stith Pemberton
9%
What is the name of the world in which World of Warcraft takes place? Azeroth
7%
Starting with the Northernmost county and moving South, list the 4 English counties that border Wales? Cheshire Shropshire Herefordshire Gloucestershire
7%
Who had 2 UK Number Ones in 1995 with "Don't Stop (Wiggle Wiggle)" and "Boom Boom Boom"? Outhere Brothers
6%
In 1941, Ginger Rogers won Oscar for Best Actress for her role in which film? Kitty Foyle (1940)
4%
Adapted into the 2004 film of the same name, who wrote the children's book The Polar Express? Chris Van Allsburg
3%
Which British chemist won the 1964 Nobel Prize in Chemistry for using X-ray crystallography to discover the structure of molecules such as insulin and penicillin? Dorothy Hodgkin
3%
In Egyptian Mythology, who was the god of craftsmen and architecture and the father of Imhotep? Ptah
3%
What cocktail is made up of applejack, grenadine, and lemon/lime juice? Jack Rose
2%
No matching quizzes found
Score Distribution
Percent of People with Each Score
Percentile by Number Answered
Your Score History
You have not taken this quiz